Ngữ pháp tiếng Nhật căn bản cho người mới học = Beginer-Level Japanese Grammar Review
Giáo trình bao gồm các bài học bao quát hầu hết các mẫu ngữ pháp căn bản tiếng Nhật được sử dụng nhiều nhất trong cuộc sống.
Na minha lista:
| Autor principal: | |
|---|---|
| Formato: | Livro |
| Idioma: | Undetermined |
| Publicado em: |
Hà Nội
Hồng Đức
2019
|
| Assuntos: | |
| Tags: |
Adicionar Tag
Sem tags, seja o primeiro a adicionar uma tag!
|
| Thư viện lưu trữ: | Trung tâm Học liệu Trường Đại học Cần Thơ |
|---|
| LEADER | 00933nam a2200229Ia 4500 | ||
|---|---|---|---|
| 001 | CTU_236723 | ||
| 008 | 210402s9999 xx 000 0 und d | ||
| 020 | |c 100000 | ||
| 082 | |a 495.65 | ||
| 082 | |b M631 | ||
| 100 | |a Mie, Shigeno | ||
| 245 | 0 | |a Ngữ pháp tiếng Nhật căn bản cho người mới học = | |
| 245 | 0 | |b Beginer-Level Japanese Grammar Review | |
| 245 | 0 | |c Shigeno Mie, Seki Kaoru, Nishikimi Shizue ; Nhóm TheSakura dịch | |
| 260 | |a Hà Nội | ||
| 260 | |b Hồng Đức | ||
| 260 | |c 2019 | ||
| 520 | |a Giáo trình bao gồm các bài học bao quát hầu hết các mẫu ngữ pháp căn bản tiếng Nhật được sử dụng nhiều nhất trong cuộc sống. | ||
| 650 | |a Tiếng Nhật,Japanese language | ||
| 650 | |x Ngữ pháp,Grammar | ||
| 910 | |a Tuyến | ||
| 980 | |a Trung tâm Học liệu Trường Đại học Cần Thơ | ||